Southville International School and Colleges
Your cart is empty.
  • Cart
  • Lists
    Public lists Eva Luna New books Lux_list list_1
    Your lists Log in to create your own lists
  • Log in to your account
  • Your cookies
  • Search history
Southville International School and Colleges
  • Advanced search
  • Recent comments
  • Most popular
  • Libraries

Log in to your account

Log in with GOOGLE


If you do not have an external account, but do have a local account, you can still log in:

  1. Home
  2. MARC view: The History Of The Decline And Fall Of The Roman Empire :
Normal view MARC view ISBD view

The History Of The Decline And Fall Of The Roman Empire : (Record no. 254972)

[ view plain ]
MARC details
000 -LEADER
fixed length control field 00947cam a22002773a 4500
001 - CONTROL NUMBER
control field 25717
003 - CONTROL NUMBER IDENTIFIER
control field PGUSA
005 - DATE AND TIME OF LATEST TRANSACTION
control field 20140828083543.0
008 - FIXED-LENGTH DATA ELEMENTS--GENERAL INFORMATION
fixed length control field 080607s2008||||xxu|||||s|||||000 | eng d
040 ## - CATALOGING SOURCE
Original cataloging agency PGUSA
Language of cataloging eng
042 ## - AUTHENTICATION CODE
Authentication code dc
050 #4 - LIBRARY OF CONGRESS CALL NUMBER
Classification number DG
100 1# - MAIN ENTRY--PERSONAL NAME
Personal name Gibbon, Edward,
Dates associated with a name 1737-1794
245 14 - TITLE STATEMENT
Title The History Of The Decline And Fall Of The Roman Empire :
Remainder of title Table of Contents with links in the HTML file to the two Project Gutenberg editions (12 volumes)
Medium [electronic resource] /
Statement of responsibility, etc Edward Gibbon
260 ## - PUBLICATION, DISTRIBUTION, ETC. (IMPRINT)
Name of publisher, distributor, etc Project Gutenberg,
Date of publication, distribution, etc 2008
506 ## - RESTRICTIONS ON ACCESS NOTE
Terms governing access Public domain in the USA.
516 ## - TYPE OF COMPUTER FILE OR DATA NOTE
Type of computer file or data note Electronic text
653 ## - INDEX TERM--UNCONTROLLED
Uncontrolled term Byzantine Empire -- History -- To 527
653 ## - INDEX TERM--UNCONTROLLED
Uncontrolled term Rome -- History -- Empire, 30 B.C.-476 A.D.
653 ## - INDEX TERM--UNCONTROLLED
Uncontrolled term Indexes
700 1# - ADDED ENTRY--PERSONAL NAME
Personal name Milman, Henry Hart,
Dates associated with a name 1791-1868
700 1# - ADDED ENTRY--PERSONAL NAME
Personal name Widger, David,
Dates associated with a name 1932-
830 #0 - SERIES ADDED ENTRY--UNIFORM TITLE
Uniform title Project Gutenberg
Volume number/sequential designation 25717
856 40 - ELECTRONIC LOCATION AND ACCESS
Uniform Resource Identifier <a href="http://www.gutenberg.org/ebooks/25717">http://www.gutenberg.org/ebooks/25717</a>
942 ## - ADDED ENTRY ELEMENTS (KOHA)
Koha item type eBooks
Holdings
Withdrawn status Lost status Damaged status Home library Current library Date acquired Total Checkouts Date last seen Price effective from Koha item type
      Project Gutenberg Project Gutenberg 08/28/2014   08/28/2014 08/28/2014 eBooks

The History Of The Decline And Fall Of The Roman Empire :

APA

Gibbon E., Milman H. H. & Widger D. (2008). The History Of The Decline And Fall Of The Roman Empire. : Project Gutenberg.

Chicago

Gibbon Edward, Milman Henry Hart and Widger David. 2008. The History Of The Decline And Fall Of The Roman Empire. : Project Gutenberg.

Harvard

Gibbon E., Milman H. H. and Widger D. (2008). The History Of The Decline And Fall Of The Roman Empire. : Project Gutenberg.

MLA

Gibbon Edward, Milman Henry Hart and Widger David. The History Of The Decline And Fall Of The Roman Empire. : Project Gutenberg. 2008.

  • Place hold
  • Print
  • Cite
  • Add to your cart (remove)
  • Save record
    BIBTEX Dublin Core MARCXML MARC (non-Unicode/MARC-8) MARC (Unicode/UTF-8) MARC (Unicode/UTF-8, Standard) MODS (XML) RIS
  • More searches
    Search for this title in:
    Other Libraries (WorldCat) Other Databases (Google Scholar) Online Stores (Bookfinder.com) Open Library (openlibrary.org)

Exporting to Dublin Core...

SOUTHVILLE LIBRARY

Southville International School and Colleges Library

1281 Tropical Ave. Cor. Luxembourg St., BF Homes International, Las Pinas City

Tel. No. 8256374 / 252358 Loc. 117/146

Powered by Koha